| 000 -ლიდერი |
| ფიქსირებული სიგრძის საკონტროლო ველი |
01283nam a2200217Ia 4500 |
| 001 - საკონტროლო ნომერი |
| საკონტროლო ველი |
755 |
| 003 - საკონტროლო ნომრის იდენტიფიკატორი |
| საკონტროლო ველი |
GE_BSU |
| 005 - ბოლო ოპერაციის თარიღი და დრო |
| საკონტროლო ველი |
20220921145401.0 |
| 008 - ფიქსირებული სიგრძის მონაცემთა ელემენტები - ზოგადი ინფორმაცია |
| ფიქსირებული სიგრძის საკონტროლო ველი |
181216s1997||||ge |||||||||||||| ||geo|| |
| 020 ## - წიგნის საერთაშორისო სტანდარტული ნომერი |
| International Standard Book Number |
5520015236 |
| 040 ## - კატალოგიზაციის წყარო |
| Transcribing agency |
GE_BSU |
| 041 ## - ენის კოდი |
| Language code of text/sound track or separate title |
geo |
| 080 ## - უნივერსალური ათობითი კლასიფიკაციის ინდექსი |
| Universal Decimal Classification number |
333:336:681.3(038)+802.0 ბ–56 |
| 100 ## - მთავარი ჩანაწერი - პიროვნების სახელი |
| Personal name |
ბერულავა, რ. |
| 9 (RLIN) |
1035 |
| 245 ## - ცნობა სათაურის შესახებ |
| Title |
ინგლისურ–ქართული უნივერსალური ბიზნეს–ლექსიკონი=English-Georgian Universal Business-Dictionary : |
| Remainder of title |
ეკონომიკა, მარკეტინგი, მენეჯმენტი... შეიცავს 15000-მდე ინგლ. ტერმინს... და 30000-მდე ქართ. ლექსიკურ ერთეულს... / |
| Statement of responsibility, etc |
იაკობ მესხიას, ზურაბ გალდავას და ალექსანდრე ღლონტის რედ. ; საქ. საინჟ. აკად. |
| 264 ## - წარმოების, გამოცემის, დისტრიბუციის და სხვა ცნობები |
| გამოცემის, წარმოების, დისტრიბუციის... ადგილი |
თბილისი : |
| გამოცემის, წარმოების, დისტრიბუციის... სახელწოდება |
იბერთედ-პრესი, |
| გამოცემის, წარმოების, დისტრიბუციის... თარიღი |
1997. |
| 300 ## - ფიზიკური აღწერა |
| Extent |
349 გვ.; |
| Other physical details |
20 სმ. |
| 653 ## - INDEX TERM--UNCONTROLLED |
| Uncontrolled term |
ლექსიკონი |
| 700 ## - ADDED ENTRY--PERSONAL NAME |
| Personal name |
ბერულავა, თეა |
| Relator term |
ავტორი |
| 9 (RLIN) |
14663 |
| 942 ## - ADDED ENTRY ELEMENTS (KOHA) |
| Koha item type |
წიგნი |
| Source of classification or shelving scheme |
|